000 00290nam a2200109Ia 4500
008 220203s9999 xx 000 0 und d
041 _aMalayalam
245 0 _aRubber Sheet Nirmanam
260 _bRubber Research Institute of India
_aKottayam
_c2009
650 _aCrop Processing
942 _cPN
999 _c45157
_d45157